Statistics for Bogeymen Quiz

Click here to take the quiz!

General Stats

  • This quiz has been taken 37,657 times
  • The average score is 16 of 20

Answer Stats

DescriptionScary Thing% Correct
Sun-fearing bloodsucking creatureVampire
99%
"Undead" personZombie
99%
Spirit of a dead person that
haunts a place
Ghost
98%
Person that turns into a wolfWerewolf
98%
Female caster of spellsWitch
98%
Embalmed Egyptian corpseMummy
97%
Also known as an extraterrestrialAlien
96%
The bad guy in the BibleThe Devil
94%
In the Northwest,
he is called sasquatch
Bigfoot
90%
Tempted Eve with a tasty appleThe Serpent
89%
Creature that lives under the bridgeTroll
87%
Mischievous gold-hording Irish dwarfLeprechaun
86%
My what big teeth it hasBig Bad Wolf
81%
Elm Street movie monster who will
haunt your nightmares
Freddy Krueger
80%
Scythe-carrying harbinger of deathGrim Reaper
78%
Wailing Irish spiritBanshee
64%
Minion of the aboveDemon
60%
Latin American creature that
feeds on animal blood
Chupacabra
53%
Female spirit who seduces men,
especially sleeping ones
Succubus
42%
Evil spirits that hunt FrodoWraith
37%

Score Distribution

Percentile by Number Answered

Percent of People with Each Score

Your Score History

You have not taken this quiz